| 000 | 00000nas##2200000za#4500 |
| 001 | 9.500040 |
| 003 | CaOODSP |
| 005 | 20250403104638 |
| 007 | cr ||||||||||| |
| 008 | 150406c2001||||xxc|| p o||||f| |0fre|d |
| 022 | |a1496-2306 |
| 040 | |aCaOODSP|bfre |
| 041 | |aeng |
| 041 | |afre |
| 043 | |an-cn--- |
| 086 | 1 |aCS31-001-IN |
| 245 | 00|aEnquête mensuelle sur les industries manufacturières |h[ressource électronique] |
| 260 | |aOttawa - Ontario : |bStatistique Canada |
| 310 | |aMensuel |
| 362 | 1 |a[Novembre 2000] - janvier 2003 |
| 500 | |aSuivi par: CS31-001E-IN, ISSN 1496-2306 et CS31-001F-IN, ISSN 1705-849X |
| 520 | 3 |aFournit des valeurs mensuelles estimatives des livraisons, stocks et commandes des manufacturiers. |
| 546 | |aBilingue |
| 691 | 07|aIndustrie de transformation|2gcpds |
| 710 | 2 |aStatistique Canada. |
| 780 | 00|tMonthly survey of manufacturing |w(CaOODSP)9.828587 |
| 791 | |tMonthly survey of manufacturing |eeng|w(CaOODSP)9.500039 |